| 000 | 00750nam a2200265Ia 4500 | ||
|---|---|---|---|
| 003 | OSt | ||
| 005 | 20221007075147.0 | ||
| 006 | a|||||r|||| 00| 0 | ||
| 007 | ta | ||
| 008 | 221006b |||||||| |||| 00| 0 eng d | ||
| 024 | _a42,978 | ||
| 037 | _cTextual | ||
| 040 |
_aFLL _cFLL _beng |
||
| 041 |
_2eng _aeng |
||
| 082 | _aG:55:(Z), P1 | ||
| 100 | _aAgarwal Anil Ed. | ||
| 245 | 0 | _aPoles apart | |
| 260 |
_aNew Delhi _bCentre for Science and Environment India _c2001 |
||
| 300 |
_a441p _ccm. |
||
| 700 |
_a Imchen Achila _9693568 |
||
| 700 | _a Narain Sunita | ||
| 700 |
_a Saharna Anju _9693569 |
||
| 942 |
_hG:55:(Z), P1 _cTEXL _2CC |
||
| 999 |
_c1155030 _d1155030 |
||